| 000 | 00718nam a22002537a 4500 | ||
|---|---|---|---|
| 003 | OSt | ||
| 005 | 20220924113617.0 | ||
| 006 | a|||||r|||| 00| 0 | ||
| 007 | ta | ||
| 008 | 220923b |||||||| |||| 00| 0 eng d | ||
| 024 | _a140829 | ||
| 037 | _cGeneral Books | ||
| 040 |
_aARTS _cARTS _beng |
||
| 041 |
_2eng _aeng |
||
| 082 | _aX:89M0bD65,8(B), L8 (2) | ||
| 100 |
_aKanter Jerome _9149086 |
||
| 245 | 0 | _aManagement oriented management information systems | |
| 250 | _a2nd | ||
| 260 |
_aNew Delhi _b Printice Hall of India _c1978 |
||
| 300 | _axxxvi,428p. | ||
| 650 | _aECONOMICS | ||
| 942 |
_hX:89M0bD65,8(B), L8 (2) _cGB _2CC |
||
| 999 |
_c390208 _d390208 |
||